000 00795nam a2200265Ia 4500
008 160216s9999 xx 000 0 und d
050 _aFIL PN 5424
050 _b.S73 2003
245 _aStaying alive:
245 _bjournalism is a dangerous profession : responsibility can be our best protection /
260 _aManila:
260 _bFreedom Fund for Filipino Journalists,
260 _c2003
300 _a80 pages :
300 _bill. ;
300 _c21 cm.
650 _aJournalism --
650 _aJournalists --
650 _aJournalists --
650 _aJournalists --
650 _xHandbooks, manuals, etc.
650 _xPhilippines -- Safety measures.
650 _xViolence against -- Philippines -- Prevention.
650 _xViolence against -- Philippines.
999 _c290985
_d290985